Presidentes do Brasil - Statistics

Estatísticas Gerais
  • Esse quiz foi jogado 320 vezes
  • A pontuação média é 25 de 39
Estatísticas das Respostas
Período Presidente % Correto
2019 - 2022 Jair Bolsonaro
99%
2023 - Atual Luis Inácio Lula da Silva
99%
2003 - 2010 Luis Inácio Lula da Silva
99%
2011 - 2016 Dilma Roussef
98%
2016 - 2018 Michel Temer
97%
1995 - 2002 Fernando Henrique Cardoso
92%
1951 - 1954 Getúlio Vargas
92%
1930 - 1945 Getúlio Vargas
92%
1990 - 1992 Fernando Collor
90%
1889 - 1891 Deodoro da Fonseca
88%
1961 - 1964 João Goulart
82%
1964 - 1967 Humberto Castelo Branco
80%
1961 Jânio Quadros
79%
1956 - 1961 Juscelino Kubitschek
78%
1992 - 1994 Itamar Franco
77%
1985 - 1989 José Sarney
76%
1891 - 1894 Floriano Peixoto
72%
1969 - 1974 Emílio Médici
71%
1974 - 1979 Ernesto Geisel
66%
1979 - 1985 João Figueiredo
65%
1967 - 1969 Artur da Costa e Silva
64%
1946 - 1951 Eurico Gaspar Dutra
60%
1954 - 1955 Café Filho
57%
1926 - 1930 Washington Luís
53%
1910 - 1914 Hermes da Fonseca
52%
1909 - 1910 Nilo Peçanha
46%
1919 - 1922 Epitácio Pessoa
42%
1894 - 1898 Prudente de Morais
42%
1898 - 1902 Campos Sales
41%
1922 - 1926 Artur Bernardes
40%
1906 - 1909 Afonso Pena
39%
1955 - 1956 Nereu Ramos
38%
1902 - 1906 Rodrigues Alves
37%
1914 - 1918 Venceslau Brás
35%
1955 Carlos Luz
34%
1964 Ranieri Mazzili
32%
1961 Ranieri Mazzili
32%
1918 - 1919 Delfim Moreira
31%
1945 - 1946 José Linhares
25%
Nenhum quiz correspondente encontrado
Distribuição das Pontuações
Porcentagem de Pessoas com Cada Pontuação
Percentil de Números Respondidos
Sua Pontuação Histórica
Você não jogou esse quiz